LEADER 01231nam a2200277 i 4500 001 000000219862 003 CaOOAMICUS 005 20130415000000.0 008 130415s2008 xxu u000 u eng u 013 $a198759 020 $a978-0-385-51813-0 040 $aSeMil$bita 100 1 $aBartholomaeus .$0(OLS)http://semarc/name/77133 245 10$aEncountering the mystery :$bunderstanding orthodox christianity today /$cHis All Holiness Ecumenical Patriarch Bartholomew. 260 $aNew York [etc.] :$bDoubleday,$c2008. 300 $aXLVI, 252 p. ;$c22 cm. 500 $aFondo card. C. M. Martini. 650 4$aTeologia ortodossa.$0(OLS)http://semarc/subject/2276 650 4$aChiesa Ortodossa.$0(OLS)http://semarc/subject/2381 850 $aSeMil 852 $aSeMil$W1$xVenegono$y1$m2K III 362$j170223$B170223$CSeMilBibl$Z2$F182285 $81 941 1 $a4 961 $aLascito: Martini Card. Carlo Maria 996 $6020$a978-0-385-51813-0$9(OLS)http://semarc/number/218155 996 $6245$aEncountering the mystery :$bunderstanding orthodox christianity today$9(OLS)http://semarc/title/315394 996 $6260$aNew York [etc.] :$bDoubleday$9(OLS)http://semarc/publisher/31192 LEADER 01121nam a2200265 i 4500 001 000000202013 003 CaOOAMICUS 005 20141001000000.0 008 141001s1931 it u000 u ita u 013 $a180719 040 $aSeMil$bita 100 1 $aVian, Nello,$d<1907-2000>.$0(OLS)http://semarc/name/4389 245 10$aFrate Antonio il mio vescovo /$cNello Vian. 260 $aMilano :$bVita e Pensiero,$c1931. 300 $aXI, 197 p. ;$c20 cm. 490 0 $aI quaderni del cattolicismo contemporaneo ;$v4 500 $aFondo card. Giovanni Colombo. - In preliminari: note autografe del cardinale. 600 04$aAntonio : da Padova .$0(OLS)http://semarc/subject/2023 830 2$aI quaderni del cattolicismo contemporaneo ;$v4.$0(OLS)http://semarc/title/18470 850 $aSeMil 852 $aSeMil$W1$xVenegono$y1$m3GC VI 139$j152539$B152539$CSeMilBibl$Z2$F163615 $8B 941 1 $a3 961 $aLascito: Colombo Card. Giovanni 996 $6245$aFrate Antonio il mio vescovo$9(OLS)http://semarc/title/61622 996 $6260$aMilano :$bVita e Pensiero$9(OLS)http://semarc/publisher/29642